Teorias de la comunicación de masas
Na minha lista:
| Principais autores: | , |
|---|---|
| Formato: | Livro |
| Idioma: | espanhol |
| Publicado em: |
Barcelona
Paidos
1993
|
| Edição: | 2a. ed |
| coleção: | Paidos comunicación, 2
|
| Assuntos: | |
| Tags: |
Adicionar Tag
Sem tags, seja o primeiro a adicionar uma tag!
|
MARC
| LEADER | 00000cam a2200000 a 4500 | ||
|---|---|---|---|
| 001 | UCY0452 | ||
| 003 | CL-VaPUC | ||
| 008 | 940802e19930000SP |||||||||||||||||spa|d | ||
| 020 | |a 8475092020 | ||
| 082 | 0 | 4 | |a 302.23 |b DEF |2 21 |
| 100 | 0 | |a De Fleur, Melvin Lawrence |e author |9 328171 | |
| 700 | 0 | |a Ball Rokeach, Sandra J |e author |9 328172 | |
| 245 | 1 | 0 | |a Teorias de la comunicación de masas |
| 250 | |a 2a. ed | ||
| 300 | |a 463 p | ||
| 942 | |c BK | ||
| 945 | |d 19940802 00:00:00 |a mfernand | ||
| 260 | |a Barcelona |b Paidos |c 1993 | ||
| 650 | 0 | |a Medios de comunicación de masas |9 257273 | |
| 650 | 0 | |a Comunicación |9 257251 | |
| 583 | |a last modification |c 20121228 09:00:57 |k Rodrigo Vera | ||
| 490 | 0 | |a Paidos comunicación, 2 | |
| 999 | |c 229450 |d 229448 | ||
| 952 | |0 0 |1 0 |4 0 |6 302_230000000000000_DEF_1993 |7 0 |8 A |9 230576 |a BIBEDU |b BIBEDU |d 2019-11-15 |i 2997746 |o 302.23 DEF 1993 |p 2997746 |r 2019-11-15 |w 2019-11-15 |y BK |k EDU | ||
| 952 | |0 0 |1 0 |4 0 |6 302_230000000000000_DEF_1993 |7 0 |8 A |9 230577 |a BIBEDU |b BIBEDU |d 2019-11-15 |i 3284050 |o 302.23 DEF 1993 |p 3284050 |r 2019-11-15 |w 2019-11-15 |y BK |k LIT | ||
| 952 | |0 0 |1 0 |2 ddc |4 0 |6 302_230000000000000_DEF_1993 |7 0 |8 A |9 230579 |a BIBCUR |b BIBCUR |c GEN |d 2019-11-15 |i 3300528 |o 302.23 DEF 1993 |p 3300528 |r 2025-04-22 |w 2019-11-15 |y BK |k PER | ||
| 952 | |0 0 |1 0 |4 0 |6 302_230000000000000_DEF_1993 |7 0 |8 A |9 230580 |a BIBCUR |b BIBCUR |d 2019-11-15 |i 4762401 |l 1 |o 302.23 DEF 1993 |p 4762401 |r 2025-04-22 |s 2024-05-03 |w 2019-11-15 |y BK |k PER | ||
| 952 | |0 0 |1 0 |4 0 |6 302_230000000000000_DEF_1993 |7 0 |8 A |9 230581 |a BIBCUR |b BIBCUR |d 2019-11-15 |i 476241K |l 1 |o 302.23 DEF 1993 |p 476241K |r 2025-04-22 |s 2024-05-03 |w 2019-11-15 |y BK |k PER | ||
| 952 | |0 0 |1 0 |4 0 |6 302_230000000000000_DEF_1993 |7 0 |8 A |9 230582 |a BIBCUR |b BIBCUR |d 2019-11-15 |i 494030K |l 2 |o 302.23 DEF 1993 |p 494030K |r 2025-04-22 |s 2020-03-18 |w 2019-11-15 |y BK |k MGC | ||
| 952 | |0 0 |1 0 |3 erb |4 0 |6 302_230000000000000_DEF_1993 |7 0 |8 A |9 230583 |a BIBGIM |b BIBGIM |i 5248884 |o 302.23 DEF 1993 |p 5248884 |r 2025-01-15 |w 2019-11-15 |y BK |z Catalogado en:20151112 |k GIM | ||